El proyecto curricular de la dictadura cívico-militar en Chile (1973-1990) (Record no. 180109)

MARC details
000 -CABECERA
campo de control de longitud fija 01669cab a2200265 ab4500
005 - FECHA Y HORA DE LA ÚLTIMA TRANSACCIÓN
campo de control 20260411064112.0
008 - ELEMENTOS DE LONGITUD FIJA--INFORMACIÓN GENERAL
campo de control de longitud fija 991125c2015 cl tr p o 000 0 spa d
035 ## - NÚMERO DE CONTROL DEL SISTEMA
Número de control de sistema UPN01000208008
040 ## - FUENTE DE LA CATALOGACIÓN
Centro catalogador/agencia de origen MX-MxUPN
Lengua de catalogación spa
Centro/agencia transcriptor MX-MxUPN
Normas de descripción aacr2
049 ## - COLECCIÓN
Colección ART-E
100 1# - ASIENTO PRINCIPAL--NOMBRE PERSONAL
Nombre de persona Cabaluz Ducasse, Jorge Fabián
100 1# - ASIENTO PRINCIPAL--NOMBRE PERSONAL
Filiación fabiancabaluz@gmail.com
245 13 - MENCIÓN DE TÍTULO
Título El proyecto curricular de la dictadura cívico-militar en Chile (1973-1990)
Medio [recurso electrónico en línea]
506 0# - NOTA DE RESTRICCIONES AL ACCESO
Limitaciones de acceso Acceso abierto
520 3# - NOTA DE RESUMEN, ETC.
Sumario, etc. El artículo elaborado desde la historia del currículum, pretende aproximarse a la comprensión del proyecto curricular impulsado por la Dictadura Cívico-Militar en Chile. Para ello, se analizan tres momentos de las políticas educativas y curriculares del Gobierno dictatorial: Un primer momento, asociado a procesos de coerción, represión y ruptura (1973-1979), una segunda etapa signada por la flexibilidad curricular y el currículum centrado en la persona (1980 - 1989) y un tercer momento caracterizado por la LOCE, el amarre y las proyecciones curriculares del régimen. Finalmente, se sintetizan y formulan reflexiones generales sobre el proyecto curricular configurado tras diecisiete años de Gobierno.
650 #4 - ASIENTO SECUNDARIO DE MATERIA - TERMINO TEMATICO
Término de materia o nombre geográfico como elemento de entrada Currículo
9 (RLIN) 4174
650 #2 - ASIENTO SECUNDARIO DE MATERIA - TERMINO TEMATICO
Término de materia o nombre geográfico como elemento de entrada Dictadura
9 (RLIN) 22803
650 #4 - ASIENTO SECUNDARIO DE MATERIA - TERMINO TEMATICO
Término de materia o nombre geográfico como elemento de entrada Neoliberalismo
9 (RLIN) 13747
653 0# - TERMINO DE INDIZACION - NO CONTROLADO
Término no controlado Descentralización
773 ## - ENLACE AL DOCUMENTO FUENTE/ENTRADA DE REGISTRO ANFITRIÓN
Parte(s) relacionada(s) Vol. 54, no. 2 (2015), p. 165-180
Título Perspectiva educacional: formación de profesores
Número Internacional Normalizado para Publicaciones Seriadas 0718-9729
856 4# - LOCALIZACIÓN Y ACCESO ELECTRÓNICOS
Identificador Uniforme del Recurso <a href="http://www.perspectivaeducacional.cl/index.php/peducacional/article/viewFile/340/172">http://www.perspectivaeducacional.cl/index.php/peducacional/article/viewFile/340/172</a>
902 ## - ELEMENTOS DE DATOS B LOCAL, LDB (RLIN)
Creó Leonor Sotres
Modificó Leonor Sotres/190123/M
905 ## - TIPO DE MATERIAL
Tipo de material Articulo
942 ## - ELEMENTOS DE PUNTO DE ACCESO ADICIONAL (KOHA)
Tipo de ítem Koha Artículo Electrónico
Holdings
Estado de retiro Estado de pérdida Estado dañado No para préstamo Código de colección Localización permanente Ubicación/localización actual Ubicación en estantería Fecha de adquisición Total de préstamos Fecha visto por última vez Identificador Uniforme del Recurso Precio válido a partir de Tipo de ítem Koha
        Acceso abierto Bib. Gregorio Torres Quintero Bib. Gregorio Torres Quintero En línea 18/01/2023   18/01/2023 http://www.perspectivaeducacional.cl/index.php/peducacional/article/viewFile/340/172 18/01/2023 Artículo Electrónico